Managing and marketing health services. / (Record no. 2161)
[ view plain ]
| 000 -LEADER | |
|---|---|
| fixed length control field | 00948nam a22002057a 4500 |
| 008 - FIXED-LENGTH DATA ELEMENTS--GENERAL INFORMATION | |
| fixed length control field | 120824t xxu||||| |||| 00| 0 eng d |
| 020 ## - INTERNATIONAL STANDARD BOOK NUMBER | |
| International Standard Book Number | 1861526784 |
| 050 ## - LIBRARY OF CONGRESS CALL NUMBER | |
| Classification number | RA410.56.L14 |
| 100 ## - MAIN ENTRY--PERSONAL NAME | |
| Personal name | Laing, Angus |
| 245 ## - TITLE STATEMENT | |
| Title | Managing and marketing health services. / |
| Statement of responsibility, etc. | Angus Laing et al... |
| 260 ## - PUBLICATION, DISTRIBUTION, ETC. | |
| Place of publication, distribution, etc. | Australia: |
| Name of publisher, distributor, etc. | Thomson, |
| Date of publication, distribution, etc. | c2002. |
| 300 ## - PHYSICAL DESCRIPTION | |
| Extent | xiii, 193 p.: |
| Other physical details | ill.; |
| Dimensions | 23cm. |
| 500 ## - GENERAL NOTE | |
| General note | Includes index. |
| 505 ## - FORMATTED CONTENTS NOTE | |
| Formatted contents note | Contents: Health care policy themes -- Service design -- Service structure: understanding inter-organizational relationships and networks -- Service structure: managing inter-organisational service delivery -- Understanding health care consumers -- The Changing consumer -- Consumer evaluation of health care -- Conclusion meeting performance expectations. |
| 650 ## - SUBJECT ADDED ENTRY--TOPICAL TERM | |
| Topical term following geographic name entry element | Health Services Administration |
| General subdivision | Great Britain. |
| 700 ## - ADDED ENTRY--PERSONAL NAME | |
| Personal name | Fischbacher, Maria |
| 700 ## - ADDED ENTRY--PERSONAL NAME | |
| Personal name | Hogg, Gillian |
| 700 ## - ADDED ENTRY--PERSONAL NAME | |
| Personal name | Smith, Anne |
| 942 ## - ADDED ENTRY ELEMENTS (KOHA) | |
| Source of classification or shelving scheme | Library of Congress Classification |
| Koha item type | Books |
| Withdrawn status | Lost status | Source of classification or shelving scheme | Damaged status | Not for loan | Home library | Current library | Shelving location | Date acquired | Total Checkouts | Full call number | Barcode | Date last seen | Copy number | Price effective from | Koha item type |
|---|---|---|---|---|---|---|---|---|---|---|---|---|---|---|---|
| Library of Congress Classification | WISCONSIN INTERNATIONAL UNIVERSITY COLLEGE, GHANA - MAIN LIBRARY | WISCONSIN INTERNATIONAL UNIVERSITY COLLEGE, GHANA - MAIN LIBRARY | General Stacks | 24/08/2012 | RA410.56.L14 | 5007/12 | 24/08/2012 | 1 | 24/08/2012 | Books | |||||
| Library of Congress Classification | WISCONSIN INTERNATIONAL UNIVERSITY COLLEGE, GHANA - MAIN LIBRARY | WISCONSIN INTERNATIONAL UNIVERSITY COLLEGE, GHANA - MAIN LIBRARY | General Stacks | 24/08/2012 | RA410.56.L141 | 5008/12 | 24/08/2012 | 2 | 24/08/2012 | Books | |||||
| Library of Congress Classification | WISCONSIN INTERNATIONAL UNIVERSITY COLLEGE, GHANA - MAIN LIBRARY | WISCONSIN INTERNATIONAL UNIVERSITY COLLEGE, GHANA - MAIN LIBRARY | General Stacks | 24/08/2012 | RA410.56.L142 | 5009/12 | 24/08/2012 | 3 | 24/08/2012 | Books |
